Accountability Arrangements for Financial Sector Regulators /

Policymakers are often reluctant to grant independence to the agencies that regulate and supervise the financial sector because of the fear that these agencies, with their wide-ranging responsibilities and powers, could become a law unto themselves. This pamphlet describes mechanisms for making regu...

Full description

Bibliographic Details
Main Author: Hupkes, Eva
Other Authors: Quintyn, Marc, Taylor, Michael
Format: Journal
Language:English
Published: Washington, D.C. : International Monetary Fund, 2007.
Series:Economic Issues; Economic Issues ; No. 2006/003
Online Access:Full text available on IMF
LEADER 01682cas a2200277 a 4500
001 AALejournalIMF013721
008 230101c9999 xx r poo 0 0eng d
020 |c 5.00 USD 
020 |z 9781589065239 
022 |a 1020-8380 
040 |a BD-DhAAL  |c BD-DhAAL 
100 1 |a Hupkes, Eva. 
240 1 0 |a Accountability Arrangements for Financial Sector Regulators.  |l Arabic 
245 1 0 |a Accountability Arrangements for Financial Sector Regulators /  |c Eva Hupkes, Michael Taylor, Marc Quintyn. 
264 1 |a Washington, D.C. :  |b International Monetary Fund,  |c 2007. 
300 |a 1 online resource (25 pages) 
490 1 |a Economic Issues 
500 |a <strong>Off-Campus Access:</strong> No User ID or Password Required 
500 |a <strong>On-Campus Access:</strong> No User ID or Password Required 
506 |a Electronic access restricted to authorized BRAC University faculty, staff and students 
520 3 |a Policymakers are often reluctant to grant independence to the agencies that regulate and supervise the financial sector because of the fear that these agencies, with their wide-ranging responsibilities and powers, could become a law unto themselves. This pamphlet describes mechanisms for making regulatory agencies accountable not only to the government but also to the industry they supervise and the public at large, with examples from a range of countries. 
538 |a Mode of access: Internet 
700 1 |a Quintyn, Marc. 
700 1 |a Taylor, Michael. 
830 0 |a Economic Issues; Economic Issues ;  |v No. 2006/003 
856 4 0 |z Full text available on IMF  |u http://elibrary.imf.org/view/books/051/00135-9781589065239-ar/00135-9781589065239-ar-book.xml  |z IMF e-Library